Python for chemistry: Introduction to Phython algorithms, simulations, and programming for chemistry (Record no. 394548)

MARC details
000 -LEADER
fixed length control field 00552 a2200181 4500
005 - DATE & TIME
control field 20260406123320.0
008 - FIXED-LENGTH DATA ELEMENTS--GENERAL INFORMATION
fixed length control field 260403b |||||||| |||| 00| 0 eng d
020 ## - ISBN
International Standard Book Number 9789355517975
Price Rs. 899.00
040 ## - CATALOGING SOURCE
Original cataloging agency VIVEKANANDA LIBRARY
082 ## - DDC NUMBER
Classification number 540.285
Book Number K131P
100 ## - MAIN ENTRY--PERSONAL NAME
Personal name Kanagasabapathy, M
245 ## - TITLE STATEMENT
Title Python for chemistry: Introduction to Phython algorithms, simulations, and programming for chemistry
260 ## - PUBLICATION, DISTRIBUTION, ETC. (IMPRINT)
Name of publisher, distributor, etc BPB Publications
Date of publication, distribution, etc 2026
Place of publication, distribution, etc New Delhi
300 ## - PHYSICAL DESCRIPTION
Pages xx, 347
650 ## - Subject
Subject Chemistry
650 ## - Subject
Subject Computer applications-Chemistry
942 ## - ADDED ENTRY ELEMENTS (KOHA)
Koha item type Books
Holdings
Withdrawn status Lost status Source of classification or shelving scheme Damaged status Not for loan Location (home branch) Sublocation or collection (holding branch) Shelving location Date acquired Koha issues (times borrowed) Koha full call number Accession No. Koha date last seen Koha item type
    Dewey Decimal Classification     VIVEKANANDA LIBRARY VIVEKANANDA LIBRARY Vivekananda Library 18/03/2026   540.285 K131P 438781 18/03/2026 Books
© Designed and Maintained by Vivekananda Library, MDU Rohtak